00572nam a2200181 a 4500008004100000020001800041050001500059100001900074245012700093260003300220300002100253350000900274500001700283650003100300650002200331700001900353700001800372120220s2010 ||||||||||||||||| || u a9780340974193 aRJ 245 Dev aAylott, Marion10aDeveloping practical skills for nursing children and young peoplecedited by Alan Glasper, Marion Aylott and Cath Battrick aLondon:bHodder Arnoldc2010 axii, 672p.: ill. a0.00 aBibliography aPEDIATRIC NURSING--METHODS aPEDIATRIC NURSING aBattrick, Cath aGlasper, Alan